000 00848cam a22002412 4500
001 0000003496
005 20151217161133.0
008 070508s xx 000 0 eng d
020 _cKES 7,000
040 _aKABU
_cKABU
050 0 _aL970
_b.G85 2002
245 1 0 _aGuide to higher education in Africa.
250 _a2nd ed.
260 _aNew York :
_bThe International Association of Universities and Association of African Universities,
_c2002.
300 _axvii, 530 p.
650 0 _aUniversities and colleges
_zAfrica
_vDirectories.
_@0000153456
650 0 _aEducation, Higher
_zAfrica.
_@0000153457
710 2 _aInternational Association of Universities.
_@0000153458
710 2 _aAssociation of African Universities.
_@0000153459
908 _a070508
950 _@1
999 _c14946
_d14946